01063nam a2200205 a 450000100100000000500170001000800410002702000180006810000320008624500480011826000430016630000110020949000420022052004580026265000290072065000260074965000310077565000220080665000290082800005693920200120223401.0990304s2012 ck gr 000 0 spa d a97895857103990 aGarcía Márquez, Gabriel13aLa hojarasca /cGabriel García Márquez. aSantafé de Bogotá :bNorma,c2012. a118 p. aGabriel García Márquez Para Todos3 a"En La Hojarasca nació Macondo, ese población cercano a la costa atlántica colombiana que ya se ha convertido en uno de los grandes mitos de la literatura universal. En él transcurre la historia de un entierro imposible. Ha muerto un personaje extraño, un antiguo médico odiado por el pueblo, y un viejo coronel retirado, para cumplir una promesa, se ha empeñado en enterrarle frente a la oposición de todo el poblado y sus autoridades."14aNovela adulto colombiana14aLiteratura colombiana24aViolencia en la literatura24aRealismo Mágico24aHuelgas en la literatura